000 00521nam a2200181 a 4500
020 _a(pbk)
082 _a297
_bSID
100 1 _aSiddiqi, Muhammad Mazharuddin
_937265
245 1 _aIslam and Democracy.
250 _a2nd ed.
260 _aIslamabad :
_bInternational Islamic University,
_c1991.
300 _a20p. : 22cm.
526 _a0
_b0
_c0
_d297_000000000000000_SID
650 0 _aIslam and State.
_9292
650 0 _aMCE
_9379
710 _aInternational Islamic University, Islamabad.
_937266
942 _2ddc
_cBK
999 _c542175
_d542175